| 000 | 00521nam a2200157 i 4500 | ||
|---|---|---|---|
| 001 | 38935 | ||
| 003 | ES-MaACL | ||
| 007 | t| | ||
| 008 | 030226s1903 fr ||||1| fre d | ||
| 100 | 1 |
_aCamberlin, E. _934025 |
|
| 245 | 1 | 0 |
_aManuel practique des tribunaux de cuuiveree / _cpar E. Camberlin ; edition nouvelle ruvie et angmentee par Paul Camberlin. |
| 260 |
_aParis : _bLibrairée Marescq, _c1903 ( _eLaval : _fBarneond) |
||
| 300 |
_a906 p. ; _c23 cm. |
||
| 700 | 1 |
_aCamberlin, Paul. _934026 |
|
| 852 |
_aES-MaACL _jG-3374 |
||
| 999 |
_c38935 _d38935 |
||